000 01958cam a2200457 i 4500
001 EDZ0000109349
003 StDuBDS
005 20161031105225.0
006 m||||||||d||||||||
007 cr |||||||||||
008 141219s2014 cauab fo| 001|0|eng|d
020 _a9781452275482 (ebook) :
_cNo price
040 _aStDuBDS
_beng
_cStDuBDS
_erda
_epn
049 _aAlfaisal Main Library
050 0 _aHQ1236
_b.P39 2014
082 0 4 _a324.082
_223
100 1 _aPaxton, Pamela Marie,
_eauthor.
245 1 0 _aWomen, politics, and power :
_ba global perspective /
_cPamela Paxton, Melanie M. Hughes.
250 _aSecond edition.
264 1 _aLos Angeles :
_bSAGE,
_c2014.
300 _a1 online resource (xvii, 459 pages) :
_billustrations (black and white), maps (black and white)
336 _atext
_2rdacontent
336 _astill image
_2rdacontent
336 _acartographic image
_2rdacontent
337 _aunmediated
_2rdamedia
338 _avolume
_2rdacarrier
500 _aPrevious edition: 2007.
504 _aIncludes bibliographical references and index.
520 8 _aThis comprehensive text on women in politics provides a clear and detailed introduction to women's political representation across a wide range of countries and regions, addressing both women's parliamentary representation and women's ascendance to leadership positions as heads of state or cabinet ministers.
521 _aSpecialized.
588 _aDescription based on print version record.
650 0 _aWomen
_xPolitical activity.
650 0 _aWomen
_xPolitical activity
_vCross-cultural studies.
650 0 _aRepresentative government and representation.
655 7 _aElectronic books.
_2local
700 1 _aHughes, Melanie M.,
_eauthor.
710 2 _aSage eBooks
776 0 8 _iPrint version :
_z9781412998666
856 4 0 _uhttp://ezproxy.alfaisal.edu/login?url=http://sk.sagepub.com/books/women-power-and-politics-2e
942 _2lcc
_cEBOOKS
999 _c482051
_d482051